[Event "RUS-ch 67th"]
[Site "Kazan"]
[Date "2014.12.07"]
[Round "9"]
[White "Svidler, Peter"]
[Black "Zvjaginsev, Vadim"]
[Result "1-0"]
[WhiteElo "2743"]
[BlackElo "2655"]
[Annotator "Stohl,I"]
[PlyCount "127"]
[EventDate "2014.11.28"]
[EventType "tourn"]
[EventRounds "9"]
[EventCountry "RUS"]
[EventCategory "19"]
[SourceTitle "CBM 164"]
[Source "ChessBase"]
[SourceDate "2015.01.15"]
[SourceVersion "1"]
[SourceVersionDate "2015.01.15"]
[SourceQuality "1"]

1. e4 c5 2. Nf3 ({Zvjaginsev is a very original player, who introduced the
extraordinary} 2. Na3 {into high-level chess. Even his opponent played this in
a couple of blitz games, but right now Svidler was eager to finally win a game
and chooses a traditional approach.}) 2... Nc6 ({Even with Black we will yet
see some orginal play by Vadim. An earlier example went} 2... d6 3. d4 cxd4 4.
Nxd4 Nf6 5. Nc3 g6 6. Be3 Bg7 7. f3 a6 {combines the Dragon and Najdorf (or
Dragadorf- the name stems probably from aficionad S.Williams):} 8. Qd2 Nbd7 9.
g4 b5 10. h4 Bb7 11. h5 b4 12. Nce2 e5 13. h6 Bf8 14. g5 exd4 15. Bxd4 Ne5 16.
O-O-O Nfd7 17. Qxb4 $44 Qc7 (17... Rb8 $5) 18. Bh3 Rc8 $6 (18... Rg8 $142 $13)
19. Nc3 Nc6 20. Qa4 Nxd4 21. Qxd4 f6 22. Kb1 (22. gxf6 Bxh6+ 23. Kb1 Bf4 24.
Bxd7+ Qxd7 25. e5 $1 Bxe5 26. Rhe1 {[%cal Rf3f4,Re1e5,Rd4d6]} O-O 27. Rxe5 Rxf6
$14 {/<=>}) 22... Qc5 23. Qa4 Bc6 24. Qb3 Be7 25. gxf6 Bxf6 26. Qe6+ Kf8 27.
Qxd6+ Qxd6 28. Rxd6 Bxc3 29. bxc3 Ke7 30. Rhd1 Rhd8 31. Re6+ Kf7 32. Red6 $11 {
Ni,Hua (2607)-Zvjaginsev,V (2675)/Ergun/2006/}) 3. d4 cxd4 4. Nxd4 g6 5. Nc3
Bg7 6. Be3 Nf6 7. Bc4 {The most principled follow-up. Developing simply f3 and
Qd2 like in a normal Dragon with 2...d6 would allow Black a swift d7-d5 thrust.
} ({The alternative} 7. Nxc6 bxc6 8. e5 {led to a release of the tension after}
Ng8 9. f4 f6 10. Bd4 Qa5 11. Qd2 (11. Qe2 $5) 11... fxe5 12. fxe5 c5 13. Be3
Bxe5 14. Bc4 Nf6 15. O-O Ba6 16. Bxa6 Qxa6 17. Bxc5 d6 18. Rae1 O-O 19. Bd4
Bxd4+ 20. Qxd4 e5 21. Qd3 Qxd3 22. cxd3 Rab8 $11 {Kasparov,G (2838)-Ivanchuk,V
(2711) Prague rpd/2002/ See the notes to this game by Tsesarsky in CBM 089.})
7... O-O 8. Bb3 (8. f3 $6 Qb6 {[%cal Rf6e4] is something White should avoid.})
8... a6 {Once again the Najdorf move...} (8... Qa5 9. f3 e6 (9... d5 10. exd5
Nb4 11. Qd2 Nbxd5 12. Nxd5 Qxd2+ 13. Kxd2 Nxd5 14. Bxd5 Rd8 15. c4 e6 16. Be4
Bxd4 (16... f5 $142 17. Bd3 Bxd4 18. Bxd4 Rxd4 19. Kc3 $14) 17. Bxd4 Rxd4+ 18.
Kc3 Rd7 19. Rhd1 Rb8 20. Rxd7 Bxd7 21. Rd1 Be8 22. f4 Kf8 23. b4 Ke7 24. b5 b6
25. a4 Rc8 26. Kb3 h6 27. a5 f5 28. Bf3 g5 29. g3 Rc5 30. Kb4 e5 31. fxe5 Rxe5
32. axb6 axb6 33. Bd5 Re2 34. Ra1 Rb2+ 35. Kc3 Rxh2 36. Ra6 $16 {Svidler,P 
(2713)-Lutz,C (2610)/Frankfurt/1999/}) 10. O-O d5 11. exd5 exd5 12. Qd2 Re8 13.
Rad1 Bd7 14. Nxc6 bxc6 15. Nxd5 Qxd2 16. Nxf6+ Bxf6 17. Bxd2 Bxb2 18. Bc3 Bxc3
19. Rxd7 Rf8 20. Rfd1 Kg7 21. Rb7 $36 {Carlsen,M (2877)-Vachier Lagrave,M 
(2768)/Saint Louis/2014/ White's advantage is beyond doubt, but still not easy
to convert - for details see the notes by Roiz in CBM 162.}) ({If Black wants
to avoid heavy Dragon theory with the standard} 8... d6) ({, another
interesting try is} 8... Re8 $5 {However, this would have been no surprise, as
Zvjaginsev has already played it in the past:} 9. O-O (9. f3 e6 $1 10. O-O d5
11. exd5 Nxd5 12. Nxd5 exd5 13. Bf2 Qg5 14. Kh1 Qh5 15. c3 Be5 16. Bg1 Nxd4 17.
cxd4 Bf4 18. Re1 Bd7 19. Rxe8+ Rxe8 20. Qf1 Kg7 21. Re1 Rc8 $15 {Leko,P (2734)
-Vitiugov,N (2742)/EUCup Bilbao/2014/}) (9. Nxc6 dxc6 10. Qxd8 Rxd8 11. f3 b6
12. Kf2 Ba6 13. Rhd1 Nd7 14. h3 Kf8 15. Rd2 Ne5 16. Rad1 Rxd2+ 17. Rxd2 Nc4 18.
Bxc4 Bxc4 19. Bd4 f6 20. b3 Ba6 21. Ne2 Ke8 22. Be3 Rd8 $11 {Vavulin,M (2377)
-Zvjaginsev,V (2659) St Petersburg/2013/}) 9... d6 10. h3 Na5 11. Qe2 (11. f4
b6 12. e5 Nxb3 13. exf6 Nxd4 14. fxe7 Ne2+ 15. Qxe2 Qxe7 16. Rfe1 Bb7 17. Rad1
Qc7 18. Qf2 Qc6 19. Rd2 Re6 20. Kh2 Rae8 $36 {[%csl Gb7,Gg7] Gabrielian,A 
(2541)-Zvjaginsev,V (2659)/St Petersburg/2013/}) 11... b6 12. Rfd1 Nxb3 13.
axb3 Bb7 14. Bg5 Qc8 15. b4 a6 16. Bxf6 Bxf6 17. Nd5 Qd8 18. b5 Bxd5 19. exd5
Bxd4 20. Rxd4 a5 21. Rc4 e6 22. dxe6 Rxe6 23. Qf3 Rc8 24. Rxc8 Qxc8 25. Qd3 Qc5
26. Rd1 Qb4 27. b3 Re1+ $11 {Feher,A (2398)-Georgiadis,N (2438)/Porto Rio/2014/
}) 9. f3 e6 {And now the Paulsen set-up...} (9... d6 {is far more common,} 10.
Qd2 (10. h4 $5) 10... Na5 {is far from clear:} 11. g4 $5 (11. Bh6 Bxh6 12. Qxh6
e5 13. Nde2 b5 $5 (13... Be6 14. O-O-O Rc8 15. h4 Nxb3+ 16. axb3 b5 17. h5 Qe7
18. Kb1 b4 19. Nd5 Bxd5 20. exd5 Rc5 21. g4 Qc7 22. Ng3 Rxc2 23. Nf5 Rxb2+ 24.
Kxb2 Qc3+ $11 {Manyakhin,A-Petrov,Y (2236)/email/2007/}) 14. Qd2 b4 15. Na4 (
15. Nd5 Nxb3 16. Nxf6+ Qxf6 17. axb3 a5 $11) 15... Nxb3 16. axb3 a5 17. O-O-O
Ra6 18. h4 Be6 19. h5 Qe7 20. g4 Nd7 21. f4 $2 (21. Kb1 Rc6 $132) 21... Bxg4
22. f5 gxf5 23. exf5 Kh8 24. Qd3 Rc6 25. Rd2 Nf6 $17 {Hou,Yifan (2603)
-Nakamura,H (2769)/Wijk aan Zee/2013/}) 11... b5 12. h4 e5 (12... b4 $5 13. Na4
Rb8 14. h5 Nxb3 15. cxb3 Bd7 $13) 13. Nde2 Bb7 14. O-O-O Nxb3+ 15. axb3 Rc8 16.
Qxd6 Qxd6 17. Rxd6 b4 18. Rb6 $1 Bxe4 19. Nxe4 Nd5 20. Bf2 Nxb6 21. Bxb6 f5 22.
gxf5 gxf5 23. Nd6 Rc6 24. Nc4 $16 {Savchenko,B (2602)-Belous,V (2554)/Moscow
blitz/2013/}) 10. f4 $146 {[%mdl 8] A surprising novelty from Svidler,
especially if one recalls his last move was 9.f3. However, it's not so simple
to prove White has an edge:} ({After} 10. Nxc6 bxc6 (10... dxc6 11. Qxd8 Rxd8
12. a4 $14 {with a riskless pull}) 11. Bc5 {Zvjaginsev probably intended} d5 $5
({A miserable example from Black's point of view was} 11... Re8 12. Bd6 Qa5 13.
Qd2 Kh8 14. O-O-O Ng8 15. Na4 Qxd2+ 16. Kxd2 Ra7 17. c3 Bf8 18. Kc2 Bxd6 19.
Rxd6 Nf6 20. Rhd1 Re7 21. Nb6 Rc7 22. c4 Bb7 23. e5 $18 {Darling,S-Mithran,M 
(1675)/Istanbul/2012/}) 12. Bxf8 Qxf8 $44 {/+/= I'm not 100% sure Black has
full compensation, but he has play on the dark squares and the Bb3 is offside.}
) ({There is a lack of more relevant practice after the possibly more promising
} 10. Qd2 b5 $5 (10... d5 11. exd5 Nxd5 12. Nxc6 (12. Nxd5 exd5 13. O-O (13.
O-O-O $142 $5 $36) 13... Qd6 14. Nxc6 bxc6 15. Bd4 Be5 16. f4 Bxd4+ 17. Qxd4
Be6 18. Rad1 Rab8 19. Qf6 Qd8 20. Qxd8 Rfxd8 21. c3 {½, Koetters,M (1231)
-Ingelaere,A (1645) /Blankenberge/2014/}) 12... bxc6 13. O-O-O Bb7 (13... a5
$142) 14. Bc5 Re8 15. Ne4 Qh4 16. g3 Qh5 17. f4 {Turtiainen,T (2098)-Sofiev,A 
(2126)/Helsinki/2009/} a5 18. Bc4 Ba6 $132) 11. O-O-O (11. Nxc6 dxc6 12. O-O-O
Qxd2+ 13. Rxd2 Nd7 14. Rhd1 c5 15. a3 Ra7 $132) 11... Na5 12. g4 (12. e5 b4
$132) (12. h4 $5) 12... Bb7 $13 {[%cal Yd7d5]}) 10... d6 {And finally we have
all Sicilians rolled into one - Dragon, Najdorf, Pauslen and Scheveningen as
well! Black looks quite OK here.} (10... d5 11. e5 Nd7 12. Nce2 $13 {[%cal
Yc2c3,Yb3c2] /+/= transposes into a strange French - it seems to me Black
should be worse here.} (12. h4 Nxd4 $13 {[%cal Yf7f6]})) 11. Qf3 (11. O-O Qc7
$11 {seemed too tame to Svidler.}) 11... Nxd4 ({Black could (or rather should)
have played} 11... Na5 $1 12. O-O-O b5 $132) 12. Bxd4 b5 13. O-O-O $6 ({
More consistent and dangerous for Black was} 13. e5 $142 dxe5 14. fxe5 $1 (14.
Qxa8 $2 exd4 $40) (14. Bxe5 Ra7 $15 {[%cal Ya7d7,Yc8b7]}) 14... Nd5 (14... Qxd4
15. exf6 Qh4+ (15... Bxf6 16. Qxa8 Qe3+ 17. Kf1 $16) 16. g3 Qxf6 17. Qxa8 Qe5+
18. Qe4 $5 Qxe4+ 19. Nxe4 Bb7 20. Nf2 $16) 15. Bc5 (15. Nxd5 exd5 16. O-O $14 (
16. Bxd5 $2 Be6 17. Bxa8 Qxd4 $36) (16. Qxd5 Bb7 $11)) 15... Re8 16. Rf1 $5 (
16. O-O Qc7 17. Bd6 Qa7+ 18. Kh1 Nxc3 19. Qxc3 a5 $132) 16... Nxc3 17. Qxf7+ (
17. Qxa8 Bxe5 18. Qf3 Qh4+ 19. Rf2 Qe4+ 20. Kf1 $14) 17... Kh8 18. bxc3 $36) (
13. Bxf6 Bxf6 14. e5 Bh4+ 15. g3 Rb8 16. gxh4 (16. O-O-O Bb7 17. Ne4 Be7 $11 {
/=/+}) 16... Bb7 17. Ne4 Qxh4+ 18. Qg3 Qxg3+ 19. Nxg3 Bxh1 20. Nxh1 dxe5 21.
fxe5 Rfd8 $13 {[%csl Re5,Rh2] /=/+ If anyone is better here, it should be
Black.}) 13... Bb7 14. Rhe1 a5 $6 {Black is getting ambitious as well, but
this is too impatient.} (14... b4 15. Na4 Qc7 16. Qd3 {[%cal Ye4e5,Yd4f6]}) (
14... Bc6 $5 {[%cal Ra6a4]} 15. g4 a5 16. g5 Nh5 $132) 15. Nxb5 a4 16. Bc4 Rc8
(16... d5 $5 17. exd5 Rc8 18. Qe2 Bxd5 19. Bxd5 Nxd5 20. Bxg7 Kxg7 21. g3 $14)
17. Nxd6 $5 {[%mdl 64]} ({Svidler opts for a tactical solution, but White
could have played also} 17. Bd3 $14) 17... Qxd6 18. Bxf6 Qb4 (18... Qc7 19.
Bxg7 Kxg7 $5 (19... Qxc4 {is just a transposition}) 20. Rd4 (20. Bd3 a3 $1 $44)
20... Ba6 21. b3 e5 22. fxe5 Qxe5 23. Rd5 Qc7 24. Qc3+ Kg8 $14) 19. Bxg7 Qxc4 (
19... Kxg7 20. Bf1 f5 21. a3 Qc5 22. Bd3 $16 {[%cal Yf3e3,Yc2c3]}) 20. Bc3 Qxa2
(20... a3 21. Rd4 Qc6 22. Rb4 axb2+ 23. Kxb2 $16 {[%csl Gc3]}) 21. Rd4 Ba6 (
21... a3 $2 22. b3 $18 {[%csl Ra2][%cal Yc1d2,Ye1a1]}) (21... Rc6 22. Red1 $16
{[%cal Yc1e3,Ye3g1]}) 22. Kd2 (22. Red1 $5 a3 23. b3 Be2 24. Qe3 $1 Bxd1 25.
Rxd1 $40 {/\} Rc7 26. Rd6 Rfc8 27. Qd4 Rxc3 28. Rd8+ Rxd8 29. Qxd8+ Kg7 30.
Qd4+ $18) 22... Rfd8 23. Qe3 $6 (23. Qf2 $1 f6 24. Rxd8+ Rxd8+ 25. Ke3 Qc4 {
[%cal Rd8d3]} 26. Kf3 $16) 23... f6 24. Rd1 (24. e5 Rxd4+ 25. Qxd4 f5 $14 {
keeps an edge, but closing the long dark diagonal is nevertheless a concession
Svidler doesn't want to make.}) 24... e5 25. fxe5 fxe5 26. Rxd8+ Rxd8+ 27. Ke1
Rf8 (27... Rxd1+ 28. Kxd1 a3 29. bxa3 Qxa3 30. g3 $14 {/+/-}) 28. Qc5 Qc4 $6 (
28... Qf7 $142 29. Qd5 Bb7 $1 (29... Qxd5 $6 30. Rxd5 {is the game}) 30. Qxf7+
Rxf7 31. Ra1 (31. Rd2 Bxe4 32. Re2 Bc6 33. Bxe5 Bb5 $11) 31... Bxe4 32. Rxa4
Bxc2 $11) (28... Rf1+ 29. Kd2 Rxd1+ 30. Kxd1 Qf7 {is also better, than the
text-move:} 31. Qd5 (31. Qxe5 Qf1+ 32. Kd2 Qe2+ 33. Kc1 Qf1+ $11) 31... Qxd5+
32. exd5 Bb7 33. d6 Kf7 34. Bxe5 Bxg2 $14 {/=}) 29. Qd5+ $1 (29. Qxc4+ Bxc4 30.
Bxe5 Rf1+ 31. Kd2 Rxd1+ 32. Kxd1 Bf1 $14 {and Black wins a pawn back without
the rooks on board - this could still be a draw.}) 29... Qxd5 30. Rxd5 $1 {
[%mdl 4096] The complications have resulted in an endgame, in which White has
winning chances.} ({We have already seen} 30. exd5 $143 Rf1+ 31. Kd2 Rxd1+ 32.
Kxd1 Bb7 33. d6 Kf7 34. Bxe5 Bxg2 $14 {/=}) 30... Rf1+ 31. Kd2 Rf2+ 32. Ke3
Rxg2 33. Ra5 Bf1 34. Bxe5 Rxc2 35. Rxa4 Rc4 $6 ({Black should first and
foremost activate his king with} 35... Kf7 $1 $16 {/+/=}) 36. Ra7 $36 Bg2 37.
Bd4 Rc1 38. Bc3 $1 (38. Rg7+ Kf8 39. Rxh7 Re1+ 40. Kf2 Rxe4 41. Bc5+ Kg8 $14)
38... Rf1 39. b4 $6 {Now White has to work for the point again.} (39. Rg7+ $1
Kf8 40. Rxh7 {was simpler, after} Rf3+ 41. Kd4 Rh3 42. Rxh3 Bxh3 43. b4 $18 {
White wins - the Bc3 controls h8.}) 39... Rf7 40. Ra8+ Rf8 41. Ra5 Re8 42. Be5
Kf7 43. Rc5 Ra8 44. Rc6 (44. Rc2 Ke6 $5) (44. Bg3 $5 $16) 44... Ra3+ 45. Kd4
Ra1 46. Kd5 (46. Bg3 Rb1 47. Rb6 $16) 46... Rd1+ (46... Re1 $1 47. Rc4 (47.
Rc7+ Ke8 48. Rxh7 Bxe4+ $14) 47... Rd1+ 48. Bd4 Re1 {was more resilient.}) 47.
Bd4 Re1 48. Re6 $16 {[%cal Yb4b8]} Rf1 (48... Bf1 49. Rf6+ Ke8 (49... Kg8 50.
e5 $18) (49... Ke7 50. Rf2 Rd1 51. Ra2 $16) 50. Bc5 Bg2 51. Kc6 $5 Rf1 (51...
Bxe4+ 52. Kc7 {[%cal Rf6f8]}) 52. Re6+ Kf7 53. Kd5 Rd1+ 54. Ke5 Re1 55. Re7+
Kg8 56. Kd5 $16) (48... Rb1 49. Rf6+ Kg8 50. Rf2 Bh1 51. Bc3 $16) 49. Bc5 g5
50. Re7+ Kf6 51. Re6+ Kf7 52. Re7+ Kf6 53. Rxh7 Rf5+ 54. Kd4 Rf4 55. Re7 $18 {
White has won and retained a second pawn and the game is decided.} Rf1 56. Bd6
(56. b5 Rd1+ 57. Ke3 Rc1 58. Rc7 $18 {[%cal Rc5e7,Yb5b8]}) 56... Rd1+ 57. Kc5
Rc1+ 58. Kb6 Rc4 59. e5+ Kf5 60. Rf7+ Ke6 61. Rf6+ Kd5 62. b5 Bh3 63. Ka7 Ra4+
64. Kb8 {[%cal Rb5b7]} 1-0

[Event "RUS-ch 67th"]
[Site "Kazan"]
[Date "2014.11.30"]
[Round "3"]
[White "Svidler, Peter"]
[Black "Morozevich, Alexander"]
[Result "0-1"]
[WhiteElo "2743"]
[BlackElo "2724"]
[PlyCount "64"]
[EventDate "2014.11.28"]
[EventType "tourn"]
[EventRounds "9"]
[EventCountry "RUS"]
[EventCategory "19"]
[SourceTitle "CBM 164"]
[Source "ChessBase"]
[SourceDate "2015.01.15"]
[SourceVersion "1"]
[SourceVersionDate "2015.01.15"]
[SourceQuality "1"]

1. Nf3 Nf6 2. g3 b5 3. d3 Bb7 4. e4 g6 5. e5 Nd5 6. Bg2 Bg7 7. O-O O-O 8. Re1
e6 9. c4 bxc4 10. dxc4 Nb6 11. Qe2 Nc6 12. Nc3 Ba6 13. b3 d6 14. Bg5 Qc8 15.
Bf6 Bxf6 16. exf6 Qd8 17. Ne4 Nd7 18. Nfg5 Nd4 19. Qg4 h5 20. Qd1 e5 21. Nf3
Ne6 22. h4 Rb8 23. Nfg5 Nd4 24. f4 Nxf6 25. fxe5 dxe5 26. Nc5 Qd6 27. Nxa6 Qxa6
28. Rxe5 Qd6 29. Re1 Rbd8 30. Qd3 Qb6 31. Kh1 Nf5 32. Qc3 Qf2 0-1

[Event "RUS-ch 67th"]
[Site "Kazan"]
[Date "2014.12.05"]
[Round "7"]
[White "Svidler, Peter"]
[Black "Jakovenko, Dmitrij"]
[Result "1/2-1/2"]
[WhiteElo "2743"]
[BlackElo "2745"]
[PlyCount "80"]
[EventDate "2014.11.28"]
[EventType "tourn"]
[EventRounds "9"]
[EventCountry "RUS"]
[EventCategory "19"]
[SourceTitle "CBM 164"]
[Source "ChessBase"]
[SourceDate "2015.01.15"]
[SourceVersion "1"]
[SourceVersionDate "2015.01.15"]
[SourceQuality "1"]

1. f4 d5 2. Nf3 Nf6 3. g3 g6 4. Bg2 Bg7 5. O-O O-O 6. d3 c5 7. Qe1 Nc6 8. h3 d4
9. Na3 Nd5 10. Nc4 b6 11. Bd2 Bb7 12. c3 e6 13. Rc1 Rc8 14. Qf2 Nde7 15. a4 Ba6
16. Nce5 dxc3 17. Bxc3 Nxe5 18. Bxe5 Nc6 19. Bxg7 Kxg7 20. Ne5 Nxe5 21. fxe5
Qd4 22. Qxd4 cxd4 23. Rxc8 Rxc8 24. b4 b5 25. Ra1 Rc7 26. a5 f6 27. exf6+ Kxf6
28. Kf2 Bc8 29. Ke1 e5 30. Kd2 Be6 31. Rc1 Rxc1 32. Kxc1 Bd7 33. h4 g5 34. Kd2
g4 35. Be4 h6 36. Bd5 Ke7 37. e4 Kf6 38. Ke2 Ke7 39. Kd2 Kf6 40. Ke2 Ke7
1/2-1/2

[Event "RUS-ch 67th"]
[Site "Kazan"]
[Date "2014.12.02"]
[Round "5"]
[White "Svidler, Peter"]
[Black "Nepomniachtchi, Ian"]
[Result "1/2-1/2"]
[WhiteElo "2743"]
[BlackElo "2714"]
[PlyCount "60"]
[EventDate "2014.11.28"]
[EventType "tourn"]
[EventRounds "9"]
[EventCountry "RUS"]
[EventCategory "19"]
[SourceTitle "CBM 164"]
[Source "ChessBase"]
[SourceDate "2015.01.15"]
[SourceVersion "1"]
[SourceVersionDate "2015.01.15"]
[SourceQuality "1"]

1. Nf3 c5 2. c4 Nf6 3. Nc3 d5 4. cxd5 Nxd5 5. e4 Nb4 6. Bc4 Nd3+ 7. Ke2 Nf4+ 8.
Kf1 Ne6 9. h4 Nc6 10. d3 Ned4 11. Nb5 Nxb5 12. Bxb5 Qb6 13. Ba4 Bd7 14. Be3 e6
15. b4 Nxb4 16. Bxd7+ Kxd7 17. Ne5+ Ke8 18. Rb1 Qa6 19. Qh5 g6 20. Qf3 f5 21.
Rxb4 cxb4 22. exf5 Bd6 23. Nc4 Be7 24. fxg6 hxg6 25. Qg4 Qb5 26. Qxe6 Qc6 27.
Qe5 Qf6 28. Qb5+ Qc6 29. Qe5 Qf6 30. Qb5+ Qc6 1/2-1/2

[Event "RUS-ch 67th"]
[Site "Kazan"]
[Date "2014.11.29"]
[Round "2"]
[White "Vitiugov, Nikita"]
[Black "Jakovenko, Dmitrij"]
[Result "1/2-1/2"]
[WhiteElo "2738"]
[BlackElo "2745"]
[PlyCount "80"]
[EventDate "2014.11.28"]
[EventType "tourn"]
[EventRounds "9"]
[EventCountry "RUS"]
[EventCategory "19"]
[SourceTitle "CBM 164"]
[Source "ChessBase"]
[SourceDate "2015.01.15"]
[SourceVersion "1"]
[SourceVersionDate "2015.01.15"]
[SourceQuality "1"]

1. d4 Nf6 2. c4 e6 3. Nf3 d5 4. Nc3 Be7 5. Bf4 O-O 6. e3 Nbd7 7. Be2 dxc4 8.
O-O c5 9. dxc5 Bxc5 10. Bxc4 a6 11. Be2 b5 12. Bd6 Bxd6 13. Qxd6 Qb6 14. Qb4
Bb7 15. a4 bxa4 16. Qxb6 Nxb6 17. Nxa4 Nbd7 18. Nc3 Rfb8 19. Nd2 Bc6 20. Nc4
Nc5 21. Ne5 Be8 22. Ra5 Nb3 23. Rxa6 Rxa6 24. Bxa6 Nc5 25. Bc4 Rxb2 26. Rc1 Kf8
27. Nd3 Nxd3 28. Bxd3 Rb7 29. Ne4 Nxe4 30. Bxe4 Ra7 31. h3 h6 32. Rb1 Ke7 33.
Rb7+ Rxb7 34. Bxb7 Bd7 35. f4 f6 36. Kf2 Bb5 37. h4 Bc4 38. Be4 Bb5 39. Bb7 Bc4
40. Be4 Bb5 1/2-1/2

[Event "RUS-ch 67th"]
[Site "Kazan"]
[Date "2014.12.04"]
[Round "6"]
[White "Vitiugov, Nikita"]
[Black "Svidler, Peter"]
[Result "1/2-1/2"]
[WhiteElo "2738"]
[BlackElo "2743"]
[PlyCount "39"]
[EventDate "2014.11.28"]
[EventType "tourn"]
[EventRounds "9"]
[EventCountry "RUS"]
[EventCategory "19"]
[SourceTitle "CBM 164"]
[Source "ChessBase"]
[SourceDate "2015.01.15"]
[SourceVersion "1"]
[SourceVersionDate "2015.01.15"]
[SourceQuality "1"]

1. d4 Nf6 2. c4 g6 3. g3 c6 4. Nc3 d5 5. Qb3 Bg7 6. Bg2 O-O 7. Nf3 Qb6 8. O-O
Rd8 9. h3 dxc4 10. Qxc4 Be6 11. Qa4 Qa6 12. Qc2 c5 13. dxc5 Nc6 14. Be3 Nd5 15.
Nxd5 Bxd5 16. Rfd1 Nb4 17. Qd2 Nc6 18. Qc2 Nb4 19. Qd2 Nc6 20. Qc2 1/2-1/2

[Event "RUS-ch 67th"]
[Site "Kazan"]
[Date "2014.12.01"]
[Round "4"]
[White "Vitiugov, Nikita"]
[Black "Zvjaginsev, Vadim"]
[Result "1-0"]
[WhiteElo "2738"]
[BlackElo "2655"]
[PlyCount "81"]
[EventDate "2014.11.28"]
[EventType "tourn"]
[EventRounds "9"]
[EventCountry "RUS"]
[EventCategory "19"]
[SourceTitle "CBM 164"]
[Source "ChessBase"]
[SourceDate "2015.01.15"]
[SourceVersion "1"]
[SourceVersionDate "2015.01.15"]
[SourceQuality "1"]

1. d4 e6 2. c4 Bb4+ 3. Nd2 c5 4. a3 Bxd2+ 5. Qxd2 cxd4 6. Nf3 Nf6 7. Nxd4 O-O
8. e3 d5 9. b3 a6 10. Bb2 dxc4 11. Bxc4 b5 12. Be2 Bb7 13. f3 Qb6 14. Bc3 Rc8
15. Ba5 Qa7 16. Rd1 h6 17. Kf2 Nd5 18. Rc1 Nc6 19. Nxc6 Bxc6 20. Rhd1 Be8 21.
g3 f5 22. Bd3 Bf7 23. Ke2 h5 24. Rxc8+ Rxc8 25. Rc1 Rc5 26. e4 Rxc1 27. Qxc1
fxe4 28. Qc8+ Kh7 29. Bxe4+ g6 30. Bd2 a5 31. Qf8 b4 32. axb4 axb4 33. Qh6+ Kg8
34. Bxg6 Nf6 35. Bd3 Qd4 36. Qg5+ Kf8 37. Qf4 Qxf4 38. Bxf4 Nd5 39. Bd6+ Kg7
40. Be5+ Kh6 41. Be4 1-0

[Event "RUS-ch 67th"]
[Site "Kazan"]
[Date "2014.11.28"]
[Round "1"]
[White "Vitiugov, Nikita"]
[Black "Lysyj, Igor"]
[Result "0-1"]
[WhiteElo "2738"]
[BlackElo "2686"]
[PlyCount "92"]
[EventDate "2014.11.28"]
[EventType "tourn"]
[EventRounds "9"]
[EventCountry "RUS"]
[EventCategory "19"]
[SourceTitle "CBM 164"]
[Source "ChessBase"]
[SourceDate "2015.01.15"]
[SourceVersion "1"]
[SourceVersionDate "2015.01.15"]
[SourceQuality "1"]

1. d4 Nf6 2. Nf3 e6 3. Bf4 c5 4. e3 Nc6 5. Nc3 cxd4 6. exd4 Bb4 7. Bd3 O-O 8.
O-O Be7 9. Ne4 Qb6 10. Nxf6+ Bxf6 11. c3 Qxb2 12. Bd6 Be7 13. Bxh7+ Kxh7 14.
Qd3+ g6 15. Rfb1 Qxa1 16. Rxa1 Bxd6 17. c4 b6 18. Re1 Ba6 19. d5 exd5 20. Qxd5
Bb4 21. Re4 Kg7 22. h4 Rae8 23. Rxe8 Rxe8 24. h5 Re7 25. Qg5 Re6 26. hxg6 fxg6
27. Qg4 Be7 28. Qf4 Bf6 29. Qd2 Re7 30. g4 Ne5 31. Nxe5 Rxe5 32. f4 Re4 33.
Qxd7+ Re7 34. Qd3 g5 35. fxg5 Bxg5 36. Qd4+ Bf6 37. Qd3 Bb7 38. g5 Bxg5 39. Qf5
Bf6 40. Qg4+ Kf8 41. Qf4 Kf7 42. c5 bxc5 43. Qc4+ Kg6 44. Qxc5 Re1+ 45. Kh2
Be5+ 46. Kh3 Bf3 0-1

[Event "RUS-ch 67th"]
[Site "Kazan"]
[Date "2014.11.28"]
[Round "1"]
[White "Zvjaginsev, Vadim"]
[Black "Morozevich, Alexander"]
[Result "1/2-1/2"]
[WhiteElo "2655"]
[BlackElo "2724"]
[PlyCount "80"]
[EventDate "2014.11.28"]
[EventType "tourn"]
[EventRounds "9"]
[EventCountry "RUS"]
[EventCategory "19"]
[SourceTitle "CBM 164"]
[Source "ChessBase"]
[SourceDate "2015.01.15"]
[SourceVersion "1"]
[SourceVersionDate "2015.01.15"]
[SourceQuality "1"]

1. e4 e6 2. d4 d5 3. Nd2 c5 4. exd5 Qxd5 5. Ngf3 cxd4 6. Bc4 Qd6 7. O-O Nc6 8.
Nb3 a6 9. Nbxd4 Nxd4 10. Qxd4 Nf6 11. Bf4 Qxd4 12. Nxd4 b5 13. Be2 Bb7 14. a4
b4 15. Nb3 Be4 16. Rfc1 Nd5 17. Be5 f6 18. Bd4 Kf7 19. Bc5 a5 20. g3 Be7 21.
Bxe7 Nxe7 22. Nc5 Bd5 23. Nd7 Ra7 24. Nb6 Bc6 25. Bb5 Rd8 26. Rd1 Rxd1+ 27.
Rxd1 Rc7 28. c4 bxc3 29. bxc3 Bxb5 30. axb5 Rxc3 31. Ra1 Nd5 32. Nxd5 exd5 33.
Rxa5 Rb3 34. Ra7+ Kg6 35. Rb7 d4 36. Rd7 Rxb5 37. Rxd4 h5 38. Kg2 Ra5 39. Rc4
Rb5 40. Rd4 Ra5 1/2-1/2

[Event "RUS-ch 67th"]
[Site "Kazan"]
[Date "2014.12.02"]
[Round "5"]
[White "Zvjaginsev, Vadim"]
[Black "Jakovenko, Dmitrij"]
[Result "1/2-1/2"]
[WhiteElo "2655"]
[BlackElo "2745"]
[PlyCount "139"]
[EventDate "2014.11.28"]
[EventType "tourn"]
[EventRounds "9"]
[EventCountry "RUS"]
[EventCategory "19"]
[SourceTitle "CBM 164"]
[Source "ChessBase"]
[SourceDate "2015.01.15"]
[SourceVersion "1"]
[SourceVersionDate "2015.01.15"]
[SourceQuality "1"]

1. e4 e5 2. f4 d5 3. exd5 exf4 4. Nf3 Nf6 5. Bb5+ c6 6. dxc6 Nxc6 7. d4 Bd6 8.
O-O O-O 9. c3 Bg4 10. Nbd2 Bc7 11. Bd3 Re8 12. Qc2 Nd5 13. Nb3 g6 14. Bd2 Ne3
15. Bxe3 fxe3 16. h3 Bxf3 17. Rxf3 Qd6 18. g3 Re7 19. Nc5 Kg7 20. Ne4 Qd5 21.
Qb3 Qxb3 22. axb3 f5 23. Nc5 Bd6 24. b4 b6 25. Nb3 Rf8 26. Raf1 a5 27. b5 Nd8
28. Na1 Nf7 29. h4 Nh6 30. Be2 Ng4 31. Nc2 h5 32. Kg2 Rc8 33. Ra1 Rf8 34. Ra4
f4 35. gxf4 Re4 36. Ra1 Bxf4 37. Bd3 Re7 38. Re1 Ref7 39. Re2 g5 40. hxg5 Bxg5
41. Rxf7+ Rxf7 42. Bc4 Rf6 43. Bd5 h4 44. Bf3 Nh2 45. Ne1 Bf4 46. Kh3 Nf1 47.
Nd3 Bg5 48. Ne5 Nd2 49. Bg2 Rf2 50. Rxf2 exf2 51. c4 Be3 52. c5 Bxd4 53. Nd7
bxc5 54. b6 c4 55. b7 Ba7 56. Ne5 Bb8 57. Nc6 Bg3 58. Nxa5 Kf6 59. Nc6 f1=Q 60.
Bxf1 Nxf1 61. b8=Q Bxb8 62. Nxb8 Kg5 63. Nc6 Ne3 64. Ne5 Kh5 65. Nf3 Nd1 66.
Nxh4 Nxb2 67. Nf3 c3 68. Nd4 Kg5 69. Kg3 Kf6 70. Kf4 1/2-1/2